Olympische Spiele 2000 in Sydney rund 450 Sportler aus Deutschland sind dabei

Podrobná bibliografia
Hlavný autor: Boettcher, Andreas (Autor)
Médium: Kniha
Jazyk:nemčina
Fyzický popis:3 s. 30 cm
Vydavateľské údaje: Bonn Inter Nationes 2000
Edícia:Sonderthema
Predmet:

MARC

LEADER 00000nam a2200000 a 4500
001 vtls001398765
003 SK-MaSNL
005 20260301120015.0
008 251113s2000 DE r 0 ger
020 |c [15,00] 
035 |a SNK000353210 
040 |a SNK  |b slo  |c SNK  |e AACR2 
044 |a DE 
080 |a 796.032.2(94=30)"2000"=30  |2 1981 
100 1 |a Boettcher, Andreas  |4 aut  |9 461893 
245 1 0 |a Olympische Spiele 2000 in Sydney  |b rund 450 Sportler aus Deutschland sind dabei  |c von Andrea Boettcher 
260 |a Bonn  |b Inter Nationes  |c 2000 
300 |a 3 s.  |c 30 cm 
490 1 |a Sonderthema  |v 6/2000 
500 |a Obalový názov 
650 0 7 |a hry olympijské  |x Nemci  |x účasť  |x štúdie  |2 SNK  |9 461894 
830 0 |a Sonderthema  |9 295603 
999 |c 724345  |d 726275 
952 |t P60, <04>, [BOOK], {604}  |a SNK  |b SNK  |y VYP  |7 0  |p 17A0256565  |o snkOIB 2539  |i snkV 1867/2000  |0 0  |1 0  |4 0  |d 2000-11-17  |l 0  |r 2005-01-02 00:00:00  |w 2026-02-23